| 000 | 00467nam a2200193Ia 4500 | ||
|---|---|---|---|
| 005 | 20250425161609.0 | ||
| 008 | 250425s9999 xx 000 0 und d | ||
| 020 | _a0906048184 | ||
| 041 | _aeng | ||
| 082 | _a621.381537 | ||
| 100 | _aTAKAMURA, S. | ||
| 245 | 0 | _aSOFTWARE DESIGN FOR ELECTRONIC SWITCHING SYSTEMS | |
| 250 | _a1ST ED. | ||
| 260 | _aEXETER | ||
| 260 |
_aReino Unido _bPETER PEREGRINUS _c1979 |
||
| 300 | _a263 | ||
| 942 | _c01 | ||
| 010 | _a23948 | ||
| 999 |
_c212301 _d212301 |
||